Food crops : (Record no. 11421)

000 -LEADER
fixed length control field 00572cam a2200169 a 4500
020 ## - INTERNATIONAL STANDARD BOOK NUMBER
ISBN 9789937210928
040 ## - CATALOGING SOURCE
Transcribing agency DLC
082 ## - DEWEY DECIMAL CLASSIFICATION NUMBER
Classification number 633 HIM 2008 A038 Or.
100 1# - MAIN ENTRY--AUTHOR NAME
Personal name Rajbhandari, Binayak.
245 10 - TITLE STATEMENT
Title Food crops :
Remainder of title agro-ecology and modern agro-techniques /
260 ## - PUBLICATION, DISTRIBUTION, ETC. (IMPRINT)
Place of publication Kathmandu :
Name of publisher Himalayan College of Agricultural Sciences & Technology,
Year of publication 2008.
300 ## - PHYSICAL DESCRIPTION
Number of Pages 266 p. :
Other physical details ill. (some col.) ;
Dimensions 22 cm.
650 #0 - SUBJECT ADDED ENTRY--TOPICAL TERM
Topical Term Food crops
700 1# - ADDED ENTRY--PERSONAL NAME
Personal name Bhatta, Gopal Datt.
710 2# - ADDED ENTRY--CORPORATE NAME
Corporate name or jurisdiction name as entry element Himalayan College of Agricultural Sciences & Technology (Kathmandu, Nepal)
942 ## - ADDED ENTRY ELEMENTS (KOHA)
Koha item type សៀវភៅភាសាអង់គ្លេស

No items available.

មជ្ឈមណ្ឌលឯការនៃសាកលវិទ្យាល័យភូមិន្ទកសិកម្មចំការដូង

Powered by Koha